| LEADER | 00435nam a2200181Ia 4500 | ||
|---|---|---|---|
| 001 | CTU_114301 | ||
| 008 | 210402s9999 xx 000 0 und d | ||
| 082 | |a 952 | ||
| 082 | |b D394 | ||
| 100 | |a Dening, Esler | ||
| 245 | 0 | |a Japan | |
| 245 | 0 | |c Esler Dening | |
| 260 | |a New York | ||
| 260 | |b Frederick A. Praeger | ||
| 260 | |c 1960 | ||
| 650 | |a Japan | ||
| 904 | |i M.Loan | ||
| 980 | |a Trung tâm Học liệu Trường Đại học Cần Thơ | ||